| 000 | 00542cam a22002051 4500 | ||
|---|---|---|---|
| 001 | 3597853 | ||
| 005 | 20180221034803.0 | ||
| 008 | 700114s1968 nju b 000 0 eng | ||
| 010 | _a 69012920 | ||
| 040 |
_aDLC _cDLC _dDLC |
||
| 041 | _aeng | ||
| 080 | _a338.0973 COC | ||
| 082 | 0 | 0 | _a338.0973 COC |
| 100 | 1 | _a58 | |
| 101 | _aBIZ | ||
| 245 | 1 | 0 |
_aBasic history of American business _c[by] Thomas C. Cochran. |
| 504 | _a"Bibliographical note": p. 184-187. | ||
| 906 |
_a7 _bcbc _corignew _du _encip _f19 _gy-gencatlg |
||
| 942 |
_2ddc _cBK |
||
| 999 |
_c42992 _d42992 |
||